000 01386na a2200349 4500
001 22110
003 MIRAKIL
005 20181226092845.0
008 170211b tu n0 0 0
022 _a1309-3649
035 _a20919
040 _aMilas
_btur
_cTR-AnCHP
041 _atur
090 _a050 DER 79
222 _aSD
245 _aStratejik düşünce
_baylık uluslararası ilişkiler ve strateji dergisi
246 _aUluslararası ilişkiler ve strateji dergisi
246 _aStratejik düşünce dergi
246 _aSD dergi
260 _aAnkara
_bStratejik Düşünce ve Araştırma Vakfı
_c2009-
300 _ac.
_btbl. ; grf.
_c23 sm.
310 _aAylık
362 _ayıl 1, sayı 4 (Mart 2010)-
500 _aMevcut sayılar: (4) Mart 2010; (5) Nisan 2010; (8) Temmuz 2010; (12) Kasım 2010; (13) Aralık 2010; (16) Mart 2011; (18) Mayıs 2011; (26) Ocak 2012; (29) Nisan 2012; (31) Haziran 2012; (34) Eylül 2012; (36) Kasım 2012; (40) Mart 2013; (41) Nisan 2013; (63) Şubat 2015; (64) Mart 2015; (68) Temmuz 2015; (73) Aralık 2015
530 _aOnline olarak edinilebilir.
650 _aUluslararası ilişkiler
_vSüreli yayınlar
650 _aSiyasal bilimler
_vSüreli yayınlar
655 _ae-Dergi
910 _aDERGİ 79
942 _2ddc
_cSER
999 _c11446
_d11446